000 nam a22 a 4500
999 _c2978
_d2978
005 20170519083420.0
008 170519s1983 xxu |b 001 | eng d
020 _a0878351345
040 _aAKMAL
082 _a658.1 BEN
090 _a658.1
_bBEN
100 _aBenveniste, Guy.
_96230
245 _aBureaucracy /
_cGuy Benveniste.
250 _a2nd ed
260 _a San Francisco
_bBoyd & Fraser Pub. Co
_c1983.
300 _a287pg,;
_c25 cm
650 _aBureaucracy.
_94052
942 _2ddc
_cBOOK